000 00772nam a2200217Ia 4500
003 GCL
008 140319s9999 xx 000 0 ara d
020 _a1525822977
040 _aGCL /
_cGCL
082 0 4 _a796.077
_bو ا
100 1 _aوجدى مصطفى الفاتح
245 1 0 _aالاسس العلمية للتدريب الرياضى للاعب والمدرس /
_cوجدى مصطفى الفاتح
700 1 _aمحمد لطفى السيد
260 _aالقاهرة :
_bدار الهدى للنشر والتوزيع ،
_c2002
300 _a395 ص ؛
_c24 سم
650 0 4 _aالرياضة البدنية
650 0 4 _aالتربية البدنية
650 0 4 _aالتدريب الرياضى
650 0 4 _aاللياقة البدنية
942 _2ddc
_cBK
999 _c6306
_d6306